| 000 | 00442nam a22001697a 4500 | ||
|---|---|---|---|
| 003 | BPGM | ||
| 008 | 260630b mx ||||| |||| 00| 0 spa d | ||
| 020 | _aSIN ISBN | ||
| 040 |
_aBPGM _bspa |
||
| 041 |
_aspa _hspa |
||
| 245 |
_aLEY PENAL _bQUERETARO 2006 |
||
| 300 |
_a60 páginas _c21 cm x 13.9 cm |
||
| 336 |
_2rdacontent _atexto _btxt |
||
| 337 |
_2rdamedia _asin mediación _bn |
||
| 338 |
_2rdacarrier _avolumen _bnc |
||
| 942 |
_2ddc _cCOLQ |
||
| 999 |
_c68722 _d68722 |
||